<?xml version="1.0" encoding="UTF-8"?>
<record
    xmlns:xsi="http://www.w3.org/2001/XMLSchema-instance"
    xsi:schemaLocation="http://www.loc.gov/MARC21/slim http://www.loc.gov/standards/marcxml/schema/MARC21slim.xsd"
    xmlns="http://www.loc.gov/MARC21/slim">

  <leader>03736    a2200229   4500</leader>
  <controlfield tag="001">46047</controlfield>
  <controlfield tag="005">20260407155733.0</controlfield>
  <controlfield tag="008">260407a2010    arg                 spa d</controlfield>
  <controlfield tag="003">AR-UNSa-BCEJYS</controlfield>
  <datafield tag="040" ind1=" " ind2=" ">
    <subfield code="a">AR-UNSa-BCEJYS</subfield>
    <subfield code="b">spa</subfield>
    <subfield code="c">AR-UNSa-BCEJYS</subfield>
  </datafield>
  <datafield tag="080" ind1=" " ind2=" ">
    <subfield code="a">330.342.146</subfield>
    <subfield code="x">Econom&#xED;a social de mercado. Econom&#xED;a del estado del bienestar
 </subfield>
  </datafield>
  <datafield tag="245" ind1="1" ind2="0">
    <subfield code="a">La producci&#xF3;n del trabajo asociativo</subfield>
    <subfield code="p">condiciones, experiencias y pr&#xE1;cticas en la economia social</subfield>
  </datafield>
  <datafield tag="264" ind1=" " ind2="1">
    <subfield code="a">Buenos Aires :</subfield>
    <subfield code="b">Ediciones CICCUS</subfield>
    <subfield code="c">2010</subfield>
  </datafield>
  <datafield tag="300" ind1=" " ind2=" ">
    <subfield code="a">397 p.</subfield>
    <subfield code="c">23 cm.</subfield>
  </datafield>
  <datafield tag="505" ind1=" " ind2=" ">
    <subfield code="a">Parte I: La producci&#xF3;n de v&#xED;nculos en la gesti&#xF3;n cotidiana de la asociatividad: 1. La productividad en cuesti&#xF3;n. La formaci&#xF3;n de cooperativas en el proceso de recuperaci&#xF3;n de empresas en la Ciudad de Buenos Aires / Mar&#xED;a In&#xE9;s Fern&#xE1;ndez &#xC1;lvarez - 2. Pol&#xED;ticas sociales focalizadas y producci&#xF3;n de capacidades colectivas en una organizaci&#xF3;n barrial del &#xC1;rea Reconquista / Cecilia Cross - 3. Pol&#xED;ticas de asociaci&#xF3;n: perspectivas y tensiones en instancia de articulaci&#xF3;n social de peque&#xF1;os productores agropecuarios / Mat&#xED;as Berger y Guillermo Neiman - 4. Las manos los saberes, las m&#xE1;quinas. Un an&#xE1;lisis sobre la organizaci&#xF3;n del trabajo en los elencos productivos de f&#xE1;bricas recuperadas / Florencia Partenio - 5. Entre la participaci&#xF3;n y la delegaci&#xF3;n: la construcci&#xF3;n de horizontalidad en un colectivo de recolectores y recicladores de residuos s&#xF3;lidos urbanos / Nicol&#xE1;s Diana Men&#xE9;ndez - 6. La asociatividad para el trabajo como productora de lazos sociales: un an&#xE1;lisis de sus dimensiones a partir de dos tipos asociativos en la Argentina actual / Nicol&#xE1;s Dzembrowski y Johanna Maldovan Bonelli - Parte II: Asociativismo como objeto en disputa: 7. La producci&#xF3;n social de la espera. La experiencia del empleo - desempleo entre los varones chan&#xE9; de Campo Dur&#xE1;n (Departamento Gral. San Mart&#xED;n, Provincia de Salta) / Sebasti&#xE1;n Carrenzo - 8. &#xBF;Legalizar la precariedad?: La forma cooperativa en la movilizaci&#xF3;n de mano de obra en el agro / Mat&#xED;as Berger, Gabriel Bober, Francisco Fabio, Elena Mingo y Melina Neiman - 9. Propiedad comunitaria de la Tierra: problem&#xE1;tica y significaci&#xF3;n a partir de un proceso de desarticulaci&#xF3;n social y territorial / Ra&#xFA;l Bisio, Luc&#xED;a Fam&#xED;n e In&#xE9;s Quilici - Parte III: Identidades, categor&#xED;as sociales y capitales en juego: 10. J&#xF3;venes pobres, trayectorias laborales y sentidos del trabajo: los significados de la participaci&#xF3;n juvenil en emprendimientos sociales productivos del &#xC1;rea Reconquista / Ada Cora Freytes Frey - 11. Bienestar, din&#xE1;mica familiar y trabajo en unidades dom&#xE9;sticas del Gran Buenos Aires / Nora Goren y Ana Lourdes Su&#xE1;rez - 12. Educaci&#xF3;n, trabajo y econom&#xED;a social. El caso de la cooperativa de producci&#xF3;n y Aprendizaje (CooPA) / Cristian Rub&#xE9;n Busto - 13. Percepciones, expectativas y el uso de categor&#xED;as te&#xF3;ricas en la investigaci&#xF3;n social / Erwin Luchtenberg - 14. Circulaciones monetarias y capital moral: una exploraci&#xF3;n desde la participaci&#xF3;n en redes religiosas de las clases particulares / Ariel Wilkis - Parte IV: Paradigmas, alternativas y dilemas pol&#xED;ticos: 15. La econom&#xED;a social en Europa y en Am&#xE9;rica Latina / Floreal Forni y Nicol&#xE1;s Dzembrowski - 16. De la utop&#xED;a medieval a la econom&#xED;a social: grupos cat&#xF3;licos y trabajo asociativo / Luis Donatello - 17. Asistencias y reivindicaciones. Repertorios de solidaridad en el mundo del trabajo tucumano durante los a&#xF1;os 30 / Mar&#xED;a Ullivarri - </subfield>
  </datafield>
  <datafield tag="041" ind1=" " ind2=" ">
    <subfield code="a">spa</subfield>
  </datafield>
  <datafield tag="942" ind1=" " ind2=" ">
    <subfield code="c">BK</subfield>
  </datafield>
  <datafield tag="590" ind1=" " ind2=" ">
    <subfield code="a">niveau_biblio:m niveau_hierar:0</subfield>
  </datafield>
  <datafield tag="100" ind1="1" ind2=" ">
    <subfield code="a">Berger, Mat&#xED;as</subfield>
  </datafield>
  <datafield tag="700" ind1="1" ind2=" ">
    <subfield code="a">Cross, Cecilia</subfield>
  </datafield>
  <datafield tag="856" ind1="4" ind2="1">
    <subfield code="u">https://www.biblioeco.unsa.edu.ar/pmb/images/libros/L127296.jpg</subfield>
    <subfield code="y">Imagen de portada</subfield>
    <subfield code="q">image/jpeg</subfield>
  </datafield>
  <datafield tag="999" ind1=" " ind2=" ">
    <subfield code="c">4128</subfield>
    <subfield code="d">4128</subfield>
  </datafield>
  <datafield tag="952" ind1=" " ind2=" ">
    <subfield code="0">0</subfield>
    <subfield code="1">0</subfield>
    <subfield code="4">0</subfield>
    <subfield code="7">0</subfield>
    <subfield code="a">BCEJYS</subfield>
    <subfield code="b">BCEJYS</subfield>
    <subfield code="c">16</subfield>
    <subfield code="d">2026-04-07</subfield>
    <subfield code="l">0</subfield>
    <subfield code="o">330.342.146 C951</subfield>
    <subfield code="p">L127296</subfield>
    <subfield code="r">2026-04-07 15:57:33</subfield>
    <subfield code="w">2026-04-07</subfield>
    <subfield code="y">L</subfield>
  </datafield>
</record>
